| 000 | 00965nam a22003377a 4500 | ||
|---|---|---|---|
| 001 | BR2010002451 | ||
| 003 | BR-BrBNA | ||
| 005 | 20230928103331.0 | ||
| 007 | ta | ||
| 008 | 230509b bl.||||| |||| 00| 0 por d | ||
| 040 |
_aBR-BrBNA _bpor _cBiblioteca Nacional de Agricultura |
||
| 041 | _a(Por) | ||
| 072 | _aQ02 | ||
| 090 | _ Q02 BR2010002451 | ||
| 100 | 1 | _aMarques, J.K. | |
| 110 | 1 |
_aUniversidade Federal de Lavras, MG (Brasil) _0Tese (Mestrado) |
|
| 245 | 1 | _aIdentificação de diferentes atividades em biofilmes por meio do biospeckle e da transformada de Wavelets | |
| 260 | 3 |
_aLavras, MG (Brasil): _c2009. |
|
| 300 | _a61 p. | ||
| 500 | _aSummaries (Eng, Por); 41 ref.; 40 illus. | ||
| 650 | _aBIOFILME | ||
| 650 | _aAMIDO | ||
| 650 | _aMILHO | ||
| 650 | _aFÉCULA | ||
| 650 | _aBATATA | ||
| 650 | _aMÉTODO | ||
| 650 | _aTECNOLOGIA DE ALIMENTO | ||
| 650 | _aIDENTIFICAÇÃO | ||
| 909 |
_a202309 _bLucia _c55 _dLucia Elande |
||
| 942 | _cBK | ||
| 999 |
_c74651 _d74651 |
||